[Event "Vecindario Montalvo Memorial 14th"]
[Site "Vecindario"]
[Date "2022.09.09"]
[Round "7"]
[White "Vega Garcia, Jesus Manuel"]
[Black "Perdomo Leon, Isaac Unai"]
[Result "1-0"]
[WhiteElo "1493"]
[BlackElo "1015"]
[PlyCount "73"]
[EventDate "2022.09.04"]
[EventType "swiss"]
[EventRounds "9"]
[EventCountry "ESP"]
[SourceTitle "CBM 210 Extra"]
[Source "ChessBase"]
[SourceDate "2022.11.30"]
[SourceVersion "1"]
[SourceVersionDate "2022.11.30"]
[SourceQuality "1"]

1. d4 Nf6 2. c4 c5 3. d5 e6 4. Nc3 exd5 5. cxd5 d6 6. e4 g6 7. Nf3 Bg7 8. Be2 0-0 9. 0-0 Re8 10. Qc2 Nbd7 11. a4 b6 12. Re1 Bb7 13. Nd2 a6 14. f3 Re7 15. Qb3 Qc7 16. Nc4 Bc8 17. Bf4 Ne8 18. Bd3 Rb8 19. Re2 Bxc3 20. Qxc3 b5 21. axb5 axb5 22. Nxd6 Nxd6 23. e5 Qb6 24. exd6 Rxe2 25. Bxe2 Bb7 26. Rd1 Re8 27. Kf1 Qa6 28. b3 Qa2 29. Rd2 Qb1+ 30. Rd1 Qf5 31. Bh6 f6 32. g4 Qe5 33. Qxe5 Rxe5 34. Bxb5 Nb6 35. d7 Nxd7 36. Bxd7 Bxd5 37. Rxd5 1-0

[Event "Gran Canaria Cabildo Cup"]
[Site "Gran Canaria"]
[Date "2022.04.12"]
[Round "4"]
[White "Vega Garcia, Jesus Manuel"]
[Black "Marrero Rodriguez, Jorge"]
[Result "0-1"]
[WhiteElo "1590"]
[BlackElo "1832"]
[PlyCount "46"]
[EventDate "2022.04.10"]
[EventType "swiss"]
[EventRounds "7"]
[EventCountry "ESP"]
[SourceTitle "CBM 207 Extra"]
[Source "ChessBase"]
[SourceDate "2022.05.31"]
[SourceVersion "1"]
[SourceVersionDate "2022.05.31"]
[SourceQuality "1"]

1. d4 f5 2. c4 Nf6 3. Nf3 g6 4. g3 Bg7 5. Bg2 0-0 6. 0-0 d6 7. Nc3 c6 8. Qc2 Na6 9. Re1 Qc7 10. Bf4 Nh5 11. Bg5 e5 12. dxe5 dxe5 13. e4 f4 14. Rad1 h6 15. Bh4 g5 16. Bxg5 hxg5 17. Nxg5 Qe7 18. Nf3 Bg4 19. h3 Bxf3 20. Bxf3 fxg3 21. Qe2 Nf4 22. Qe3 Qh4 23. Ne2 gxf2+ 0-1